[Event "GER AK-1900 email"]
[Site "GER email"]
[Date "2018.05.27"]
[Round "?"]
[White "Mehlhorn, Ingo"]
[Black "Schidzick, Juergen"]
[Result "1/2-1/2"]
[WhiteElo "1344"]
[BlackElo "1544"]
[PlyCount "38"]
[EventDate "2018.06.12"]
[EventType "tourn (corr)"]
[EventRounds "6"]
[EventCountry "GER"]
[SourceTitle "Corr 2020"]
[Source "ChessBase"]
[SourceDate "2019.09.30"]
[SourceVersion "1"]
[SourceVersionDate "2019.09.30"]
[SourceQuality "1"]

1. e4 e5 2. f4 exf4 3. Nf3 g5 4. Bc4 g4 5. 0-0 gxf3 6. Qxf3 Qf6 7. e5 Qxe5 8. d3 Bh6 9. Nc3 Ne7 10. Bd2 Nbc6 11. Rae1 Qf5 12. Nd5 Kd8 13. Qe2 Qe6 14. Nxe7 Qxe7 15. Bc3 Rg8 16. Qh5 Qg5 17. Rf2 Qxh5 18. Bf6+ Ne7 19. Bxe7+ Ke8 1/2-1/2

[Event "GER AK-1900 email"]
[Site "GER email"]
[Date "2018.05.27"]
[Round "?"]
[White "Schidzick, Juergen"]
[Black "Dederichs, Hermann Josef"]
[Result "0-1"]
[WhiteElo "1544"]
[BlackElo "1888"]
[PlyCount "60"]
[EventDate "2018.06.12"]
[EventType "tourn (corr)"]
[EventRounds "6"]
[EventCountry "GER"]
[SourceTitle "Corr 2020"]
[Source "ChessBase"]
[SourceDate "2019.09.30"]
[SourceVersion "1"]
[SourceVersionDate "2019.09.30"]
[SourceQuality "1"]

1. d4 d5 2. c4 e6 3. Nc3 Nf6 4. Bg5 Be7 5. e3 0-0 6. Nf3 h6 7. h4 Ne4 8. Bf4 c5 9. g4 Nc6 10. Bd3 Nxc3 11. bxc3 dxc4 12. Bxc4 e5 13. Nxe5 Nxe5 14. Bxe5 Bxh4 15. Qf3 Be6 16. Bb3 Bxb3 17. axb3 f6 18. Bf4 Bg5 19. 0-0 f5 20. Bxg5 Qxg5 21. Qd5+ Kh8 22. Qxb7 fxg4 23. Qg2 cxd4 24. cxd4 Rf3 25. Rfe1 Raf8 26. Rf1 Kh7 27. Ra2 g3 28. Kh1 R8f6 29. Qg1 Qh4+ 30. Kg2 Qg4 0-1

[Event "GER AK-1900 email"]
[Site "GER email"]
[Date "2018.05.27"]
[Round "?"]
[White "Schidzick, Juergen"]
[Black "Mehlhorn, Ingo"]
[Result "1/2-1/2"]
[WhiteElo "1544"]
[BlackElo "1344"]
[PlyCount "42"]
[EventDate "2018.06.12"]
[EventType "tourn (corr)"]
[EventRounds "6"]
[EventCountry "GER"]
[SourceTitle "Corr 2020"]
[Source "ChessBase"]
[SourceDate "2019.09.30"]
[SourceVersion "1"]
[SourceVersionDate "2019.09.30"]
[SourceQuality "1"]

1. d4 Nf6 2. c4 g6 3. Nc3 d5 4. Bg5 Ne4 5. Nxe4 dxe4 6. f3 Bg7 7. e3 c5 8. fxe4 cxd4 9. Qd2 Nc6 10. a3 dxe3 11. Qxd8+ Nxd8 12. 0-0-0 0-0 13. Bxe3 Nc6 14. Nf3 Bg4 15. h3 Bxf3 16. gxf3 Rfd8 17. Bg2 Ne5 18. b3 a6 19. Bb6 Bh6+ 20. Kc2 Rxd1 21. Rxd1 Rc8 1/2-1/2

[Event "GER-Cup33 E/V03 email"]
[Site "GER email"]
[Date "2017.12.25"]
[Round "?"]
[White "Balleer, Dieter"]
[Black "Schidzick, Juergen"]
[Result "1-0"]
[WhiteElo "1936"]
[BlackElo "1544"]
[PlyCount "39"]
[EventDate "2018.01.10"]
[EventType "tourn (corr)"]
[EventRounds "4"]
[EventCountry "GER"]
[SourceTitle "Corr 2020"]
[Source "ChessBase"]
[SourceDate "2019.09.30"]
[SourceVersion "1"]
[SourceVersionDate "2019.09.30"]
[SourceQuality "1"]

1. c4 e5 2. Nc3 b6 3. Nf3 d6 4. d4 Bb7 5. dxe5 Nd7 6. Bg5 f6 7. exf6 Ngxf6 8. Nd4 Kf7 9. e3 Be7 10. Be2 Ne4 11. Bh5+ g6 12. Nxe4 Bxe4 13. Bf3 Bxf3 14. Qxf3+ Nf6 15. Bxf6 Bxf6 16. Qd5+ Ke8 17. Ne6 Qc8 18. Nxc7+ Qxc7 19. Qxa8+ Kd7 20. Qd5 1-0

[Event "GER Liga Q Server-39 email"]
[Site "GER email"]
[Date "2017.11.25"]
[Round "?"]
[White "Maruhn, Sebastian"]
[Black "Schidzick, Juergen"]
[Result "0-1"]
[WhiteElo "1582"]
[BlackElo "1544"]
[PlyCount "46"]
[EventDate "2017.12.01"]
[EventType "tourn (corr)"]
[EventRounds "6"]
[EventCountry "GER"]
[SourceTitle "Corr 2020"]
[Source "ChessBase"]
[SourceDate "2019.09.30"]
[SourceVersion "1"]
[SourceVersionDate "2019.09.30"]
[SourceQuality "1"]

1. d4 Nf6 2. Nf3 d5 3. e3 Bf5 4. c4 e6 5. Nc3 c6 6. h3 Bd6 7. Nh4 Bg6 8. Nxg6 hxg6 9. Bd3 Nbd7 10. 0-0 Qc7 11. e4 dxe4 12. Nxe4 Nh5 13. Qf3 Ndf6 14. Nxf6+ gxf6 15. Be3 g5 16. c5 Bf4 17. Rfe1 0-0-0 18. Rad1 f5 19. Bxf4 Nxf4 20. Bf1 g4 21. Qg3 gxh3 22. Re5 Nxg2 23. Bxg2 Rdg8 0-1

[Event "GER Liga Q Server-39 email"]
[Site "GER email"]
[Date "2017.11.25"]
[Round "?"]
[White "Moering Dammbach, Andreas"]
[Black "Schidzick, Juergen"]
[Result "0-1"]
[WhiteElo "1498"]
[BlackElo "1544"]
[PlyCount "56"]
[EventDate "2017.12.01"]
[EventType "tourn (corr)"]
[EventRounds "6"]
[EventCountry "GER"]
[SourceTitle "Corr 2022"]
[Source "ChessBase"]
[SourceDate "2021.10.24"]
[SourceVersion "1"]
[SourceVersionDate "2021.10.24"]
[SourceQuality "1"]

1. e4 e5 2. Nf3 Nc6 3. Bc4 Nf6 4. 0-0 Bc5 5. d3 d6 6. Bg5 h6 7. Bxf6 Qxf6 8. Nc3 Be6 9. Nd5 Bxd5 10. exd5 Ne7 11. c3 0-0-0 12. d4 exd4 13. Nxd4 g5 14. b4 Bxd4 15. cxd4 Kb8 16. a4 h5 17. b5 b6 18. a5 Rd7 19. axb6 cxb6 20. Re1 g4 21. g3 Rg8 22. Kg2 h4 23. Re4 h3+ 24. Kf1 Qg5 25. Rf4 Nxd5 26. Bxd5 Qxd5 27. Rxg4 Qg2+ 28. Ke2 Rxg4 0-1

[Event "GER-Cup31 E/V04 email"]
[Site "GER email"]
[Date "2017.04.25"]
[Round "?"]
[White "Schidzick, Juergen"]
[Black "Krebs, Hans Joachim"]
[Result "0-1"]
[WhiteElo "1544"]
[BlackElo "1813"]
[PlyCount "56"]
[EventDate "2017.05.01"]
[EventType "tourn (corr)"]
[EventRounds "4"]
[EventCountry "GER"]
[SourceTitle "Corr 2020"]
[Source "ChessBase"]
[SourceDate "2019.09.30"]
[SourceVersion "1"]
[SourceVersionDate "2019.09.30"]
[SourceQuality "1"]

1. d4 d6 2. e4 Nf6 3. Nc3 e5 4. Nf3 exd4 5. Nxd4 Be7 6. Bf4 0-0 7. Qd2 c6 8. 0-0-0 b5 9. f3 b4 10. Na4 Bd7 11. Nf5 Bxf5 12. exf5 Qa5 13. b3 Nd5 14. Bg5 Bxg5 15. Qxg5 Nc3 16. Rd4 Qe5 17. Qh4 c5 18. Rf4 Qe3+ 19. Kb2 Nd1+ 20. Kb1 Nf2 21. Bc4 Nxh1 22. f6 Qg1+ 23. Kb2 Nf2 24. Be2 Qxg2 25. fxg7 Re8 26. Bc4 Qxg7+ 27. c3 bxc3+ 28. Kc2 Nc6 0-1

[Event "GER-Cup30 E/V03 email"]
[Site "GER email"]
[Date "2016.11.01"]
[Round "?"]
[White "Krebs, Hans Joachim"]
[Black "Schidzick, Juergen"]
[Result "1-0"]
[WhiteElo "1813"]
[BlackElo "1544"]
[PlyCount "73"]
[EventDate "2016.11.07"]
[EventType "tourn (corr)"]
[EventRounds "4"]
[EventCountry "GER"]
[SourceTitle "Corr 2020"]
[Source "ChessBase"]
[SourceDate "2019.09.30"]
[SourceVersion "1"]
[SourceVersionDate "2019.09.30"]
[SourceQuality "1"]

1. d4 Nf6 2. Nf3 d5 3. c4 c6 4. Nc3 g6 5. cxd5 cxd5 6. Qb3 Bg7 7. Bg5 0-0 8. e3 a6 9. Be2 b5 10. 0-0 Bb7 11. a4 Nbd7 12. axb5 Rb8 13. bxa6 Bxa6 14. Qa4 Bxe2 15. Nxe2 Rxb2 16. Nc3 Qb6 17. Nxd5 Qe6 18. Qa3 Rfb8 19. Nxe7+ Kh8 20. Bf4 R2b3 21. Qd6 Re8 22. Qxe6 fxe6 23. Nc6 Nd5 24. Be5 Bxe5 25. Ncxe5 Nf8 26. Ra7 Re7 27. Rxe7 Nxe7 28. Nd2 Rb7 29. g3 Kg7 30. Rc1 h5 31. Ne4 Nh7 32. Nc5 Rb6 33. Ra1 Nf6 34. Ra7 Nfg8 35. Ned3 Kf7 36. Kg2 Nh6 37. Ne5+ 1-0

[Event "GER Liga Q Server-34 email"]
[Site "GER email"]
[Date "2016.07.04"]
[Round "?"]
[White "Lemke, Burghard"]
[Black "Schidzick, Juergen"]
[Result "1-0"]
[WhiteElo "1925"]
[BlackElo "1537"]
[PlyCount "39"]
[EventDate "2016.07.11"]
[EventType "tourn (corr)"]
[EventRounds "6"]
[EventCountry "GER"]
[SourceTitle "Corr 2020"]
[Source "ChessBase"]
[SourceDate "2019.09.30"]
[SourceVersion "1"]
[SourceVersionDate "2019.09.30"]
[SourceQuality "1"]

1. e4 c5 2. c3 d6 3. d4 Nf6 4. Bd3 cxd4 5. cxd4 g6 6. h3 Bg7 7. Nf3 0-0 8. 0-0 Nbd7 9. Nc3 a6 10. e5 dxe5 11. dxe5 Ne8 12. Qe2 Nc7 13. Rd1 b5 14. Be4 Rb8 15. Nd4 Kh8 16. Nc6 Qe8 17. Nxb8 Nxb8 18. Nd5 Ne6 19. Nb6 Nd7 20. Bc6 1-0

[Event "GER Liga Q Server-34 email"]
[Site "GER email"]
[Date "2016.07.04"]
[Round "?"]
[White "Schidzick, Juergen"]
[Black "Sulzbach, Sven"]
[Result "0-1"]
[WhiteElo "1537"]
[BlackElo "1645"]
[PlyCount "74"]
[EventDate "2016.07.11"]
[EventType "tourn (corr)"]
[EventRounds "6"]
[EventCountry "GER"]
[SourceTitle "Corr 2020"]
[Source "ChessBase"]
[SourceDate "2019.09.30"]
[SourceVersion "1"]
[SourceVersionDate "2019.09.30"]
[SourceQuality "1"]

1. d4 Nf6 2. g4 Nxg4 3. e4 d6 4. f3 Nf6 5. Be3 e5 6. d5 Nbd7 7. Nc3 g6 8. Qd2 c6 9. 0-0-0 cxd5 10. exd5 Bg7 11. Bh6 Kf8 12. Nge2 Ng8 13. Bxg7+ Kxg7 14. h4 h5 15. Ng3 Ne7 16. Be2 f5 17. f4 e4 18. Bxh5 gxh5 19. Rdg1 Kf7 20. Ngxe4 fxe4 21. Nxe4 Rh6 22. Ng5+ Ke8 23. Ne6 Rxe6 24. dxe6 Nf8 25. Qe2 Bxe6 26. Rg7 Bg4 27. Qe3 Qd7 28. Re1 Ne6 29. Rh7 Rc8 30. c3 Rc5 31. b4 Rc4 32. Qd2 Qc6 33. Kb2 Re4 34. Rh8+ Kd7 35. Rxe4 Qxe4 36. a4 Qxf4 37. Qd3 a6 0-1

[Event "GER-Cup27 E/V04 email"]
[Site "GER email"]
[Date "2015.07.27"]
[Round "?"]
[White "Schidzick, Juergen"]
[Black "Kettl, Hans P"]
[Result "1-0"]
[WhiteElo "1537"]
[BlackElo "1573"]
[PlyCount "23"]
[EventDate "2015.08.07"]
[EventType "tourn (corr)"]
[EventRounds "4"]
[EventCountry "GER"]
[SourceTitle "Corr 2020"]
[Source "ChessBase"]
[SourceDate "2019.09.30"]
[SourceVersion "1"]
[SourceVersionDate "2019.09.30"]
[SourceQuality "1"]

1. d4 f5 2. e4 fxe4 3. Nc3 Nf6 4. f3 d5 5. Bf4 c6 6. Qd2 Bf5 7. 0-0-0 e6 8. h4 Bb4 9. g4 Nxg4 10. fxg4 Bxg4 11. Be2 Bf5 12. Be5 1-0

[Event "GER AK-1864 email"]
[Site "GER email"]
[Date "2015.05.10"]
[Round "?"]
[White "Marx, Patrick"]
[Black "Schidzick, Juergen"]
[Result "1/2-1/2"]
[WhiteElo "1890"]
[BlackElo "1537"]
[PlyCount "66"]
[EventDate "2015.05.22"]
[EventType "tourn (corr)"]
[EventRounds "6"]
[EventCountry "GER"]
[SourceTitle "Corr 2020"]
[Source "ChessBase"]
[SourceDate "2019.09.30"]
[SourceVersion "1"]
[SourceVersionDate "2019.09.30"]
[SourceQuality "1"]

1. e4 c5 2. Nf3 g6 3. Nc3 Bg7 4. d4 cxd4 5. Nxd4 Nc6 6. Be3 Nf6 7. Be2 0-0 8. 0-0 d5 9. exd5 Nxd5 10. Nxd5 Nxd4 11. Bxd4 Qxd5 12. Bxg7 Qxd1 13. Rfxd1 Kxg7 14. Bf3 Rb8 15. Rd4 e5 16. Ra4 a6 17. Rb4 b5 18. a4 Bb7 19. Bxb7 Rxb7 20. c4 Rfb8 21. cxb5 axb5 22. a5 Ra8 23. Kf1 f5 24. a6 Rb6 25. a7 Rb7 26. Ra5 Raxa7 27. Rxa7 Rxa7 28. Rxb5 Kf6 29. h4 e4 30. g3 Ke6 31. Ke2 Rd7 32. Rc5 Rb7 33. Rc2 Ke5 1/2-1/2

[Event "GER AK-1864 email"]
[Site "GER email"]
[Date "2015.05.10"]
[Round "?"]
[White "Schidzick, Juergen"]
[Black "Thau, Oliver"]
[Result "1/2-1/2"]
[WhiteElo "1537"]
[BlackElo "1567"]
[PlyCount "45"]
[EventDate "2015.05.22"]
[EventType "tourn (corr)"]
[EventRounds "6"]
[EventCountry "GER"]
[SourceTitle "Corr 2020"]
[Source "ChessBase"]
[SourceDate "2019.09.30"]
[SourceVersion "1"]
[SourceVersionDate "2019.09.30"]
[SourceQuality "1"]

1. d4 Nf6 2. g4 d5 3. h3 h6 4. Bg2 e6 5. Nf3 Bd6 6. Nc3 Nc6 7. Nb5 Bb4+ 8. Bd2 Bxd2+ 9. Qxd2 Ne4 10. Qf4 Nd6 11. Nc3 Qf6 12. Qxf6 gxf6 13. 0-0-0 Bd7 14. Rhe1 0-0-0 15. e4 dxe4 16. Nxe4 Nxe4 17. Rxe4 Ne7 18. c4 Bc6 19. d5 Bd7 20. Rf4 f5 21. Ne5 Ng6 22. Nxg6 fxg6 23. dxe6 1/2-1/2

[Event "GER AK-1864 email"]
[Site "GER email"]
[Date "2015.05.10"]
[Round "?"]
[White "Thau, Oliver"]
[Black "Schidzick, Juergen"]
[Result "1-0"]
[WhiteElo "1567"]
[BlackElo "1537"]
[PlyCount "81"]
[EventDate "2015.05.22"]
[EventType "tourn (corr)"]
[EventRounds "6"]
[EventCountry "GER"]
[SourceTitle "Corr 2020"]
[Source "ChessBase"]
[SourceDate "2019.09.30"]
[SourceVersion "1"]
[SourceVersionDate "2019.09.30"]
[SourceQuality "1"]

1. c4 Nf6 2. Nf3 c6 3. b3 e6 4. Bb2 d5 5. e3 h5 6. Be2 h4 7. h3 Bd6 8. d3 b6 9. Nbd2 Bb7 10. e4 dxe4 11. dxe4 Bb4 12. 0-0 Nbd7 13. e5 Nh5 14. Ne4 Rb8 15. a3 Be7 16. Re1 Nf4 17. Bf1 c5 18. Nd6+ Kf8 19. Nxb7 Rxb7 20. Qc2 Qc8 21. Rad1 Ng6 22. Bd3 Nf4 23. Be4 Rc7 24. Qd2 Nh5 25. b4 g6 26. b5 Kg7 27. Re3 Nb8 28. Rd3 Qe8 29. a4 Rc8 30. a5 Rd8 31. axb6 axb6 32. Ra1 Rxd3 33. Qxd3 Qc8 34. Ra7 Rd8 35. Qc2 Rd7 36. Qa4 Rxa7 37. Qxa7 Qd8 38. Kh2 Kh7 39. Nxh4 Ng7 40. Nf3 Kg8 41. Bc6 1-0

[Event "GER Liga Q Server-29 email"]
[Site "GER email"]
[Date "2015.02.02"]
[Round "?"]
[White "Pibernik, Dario"]
[Black "Schidzick, Juergen"]
[Result "0-1"]
[WhiteElo "1419"]
[BlackElo "1537"]
[PlyCount "38"]
[EventDate "2015.02.13"]
[EventType "tourn (corr)"]
[EventRounds "6"]
[EventCountry "GER"]
[SourceTitle "Corr 2020"]
[Source "ChessBase"]
[SourceDate "2019.09.30"]
[SourceVersion "1"]
[SourceVersionDate "2019.09.30"]
[SourceQuality "1"]

1. d4 Nf6 2. c4 e5 3. dxe5 Ng4 4. Qd4 d6 5. exd6 Bxd6 6. Nf3 0-0 7. c5 Nc6 8. Qc3 Be7 9. Be3 Bf6 10. Qc1 Nxe3 11. fxe3 Bf5 12. Nc3 Re8 13. Kf2 Nb4 14. Qd2 Qe7 15. Nd1 Nc2 16. Rc1 Rad8 17. Qa5 Rxd1 18. Rxd1 Qxe3+ 19. Kg3 Be5+ 0-1

[Event "GER Liga Q Server-27 email"]
[Site "GER email"]
[Date "2014.08.18"]
[Round "?"]
[White "Schidzick, Juergen"]
[Black "Denker, Hans Peter"]
[Result "1-0"]
[WhiteElo "1537"]
[BlackElo "1316"]
[PlyCount "73"]
[EventDate "2014.09.01"]
[EventType "tourn (corr)"]
[EventRounds "6"]
[EventCountry "GER"]
[SourceTitle "Corr 2020"]
[Source "ChessBase"]
[SourceDate "2019.09.30"]
[SourceVersion "1"]
[SourceVersionDate "2019.09.30"]
[SourceQuality "1"]

1. d4 f5 2. h3 g6 3. Bg5 Bh6 4. h4 Bxg5 5. hxg5 e6 6. Qd2 c6 7. Nc3 d5 8. Qf4 Nd7 9. 0-0-0 Ne7 10. Nf3 0-0 11. Qe3 Nb6 12. Ne5 Kg7 13. f4 Rh8 14. Qf2 Nd7 15. e3 Nxe5 16. dxe5 Qf8 17. Be2 Kf7 18. Rh3 h5 19. gxh6 Bd7 20. Qh4 Ke8 21. g4 Kd8 22. h7 Kc7 23. Bf3 Nc8 24. Rg1 Ne7 25. Qg5 fxg4 26. Bxg4 Qf7 27. Rgh1 Nf5 28. Bxf5 gxf5 29. Qh6 Rae8 30. Ne2 Re7 31. Ng1 Be8 32. Nf3 Qg6 33. Ng5 Qxh6 34. Rxh6 Kd7 35. Rf6 Rg7 36. Rhh6 Kc8 37. Rxe6 1-0

[Event "GER-Cup22 E/V02 email"]
[Site "GER email"]
[Date "2014.05.12"]
[Round "?"]
[White "Rogge, Ralph"]
[Black "Schidzick, Juergen"]
[Result "1-0"]
[WhiteElo "1803"]
[BlackElo "1537"]
[PlyCount "39"]
[EventDate "2014.05.19"]
[EventType "tourn (corr)"]
[EventRounds "4"]
[EventCountry "GER"]
[SourceTitle "Corr 2020"]
[Source "ChessBase"]
[SourceDate "2019.09.30"]
[SourceVersion "1"]
[SourceVersionDate "2019.09.30"]
[SourceQuality "1"]

1. d4 Nf6 2. c4 e5 3. dxe5 Ng4 4. Nf3 Nc6 5. Bf4 Bc5 6. e3 Qe7 7. Nc3 Bb4 8. Qb3 0-0 9. h3 Nh6 10. Bxh6 gxh6 11. 0-0-0 Na5 12. Qc2 Bxc3 13. Qxc3 b6 14. Rd4 d6 15. Rh4 Bf5 16. Rf4 Bg6 17. h4 h5 18. g4 hxg4 19. Rxg4 h5 20. Rg5 1-0

[Event "GER PGT-03/V 02 email"]
[Site "GER email"]
[Date "2014.03.16"]
[Round "?"]
[White "Tacke, Hubert"]
[Black "Schidzick, Juergen"]
[Result "1-0"]
[WhiteElo "1898"]
[BlackElo "1586"]
[PlyCount "73"]
[EventDate "2014.03.24"]
[EventType "tourn (corr)"]
[EventRounds "5"]
[EventCountry "GER"]
[SourceTitle "Corr 2015"]
[Source "ChessBase"]
[SourceDate "2015.07.17"]
[SourceVersion "1"]
[SourceVersionDate "2015.07.17"]
[SourceQuality "1"]

1. Nf3 f5 2. d4 Nf6 3. g3 e6 4. Bg2 d6 5. 0-0 Be7 6. c4 0-0 7. Nc3 Nbd7 8. a4 a5 9. Ng5 Nb6 10. Qb3 h6 11. Nh3 c6 12. Nf4 d5 13. c5 Nc4 14. Ng6 Re8 15. Qd1 Kh7 16. Nxe7 Qxe7 17. b3 Nd6 18. cxd6 Qxd6 19. Bf4 Qf8 20. Qc2 Nd7 21. Bh3 g5 22. Bc1 Kg8 23. Nd1 Nf6 24. Nb2 g4 25. Bg2 e5 26. dxe5 Rxe5 27. Nd3 Re8 28. Bb2 Qe7 29. Qc3 Kf7 30. Rfd1 Be6 31. Nf4 Rg8 32. f3 h5 33. Rd3 c5 34. Rc1 b6 35. Qxf6+ Qxf6 36. Bxf6 Kxf6 37. fxg4 1-0

[Event "GER S4G2 enginefrei email"]
[Site "GER email"]
[Date "2014.03.08"]
[Round "?"]
[White "Schidzick, Juergen"]
[Black "Hasche, Marco"]
[Result "0-1"]
[WhiteElo "1586"]
[BlackElo "2022"]
[PlyCount "56"]
[EventDate "2014.03.14"]
[EventType "tourn (corr)"]
[EventRounds "6"]
[EventCountry "GER"]
[SourceTitle "Corr 2020"]
[Source "ChessBase"]
[SourceDate "2019.09.30"]
[SourceVersion "1"]
[SourceVersionDate "2019.09.30"]
[SourceQuality "1"]

1. d4 e6 2. Bf4 Nf6 3. Nd2 d5 4. e3 c5 5. Ngf3 Nc6 6. c3 Bd6 7. Bg3 0-0 8. Bd3 Qe7 9. 0-0 e5 10. Nxe5 Nxe5 11. dxe5 Bxe5 12. Qc2 b6 13. Bh4 h6 14. f4 Bc7 15. Rf3 Bb7 16. Rh3 Rfe8 17. Rf1 Qd6 18. Rff3 d4 19. e4 Nh5 20. Be7 Rxe7 21. Rxh5 dxc3 22. Qxc3 Rd8 23. Kf1 Qg6 24. Rg3 Qh7 25. Rf5 Rxd3 26. Qxd3 Bxe4 27. Nxe4 Qxf5 28. Qc3 Qxf4+ 0-1

[Event "GER Liga Q Server-24 email"]
[Site "GER email"]
[Date "2014.01.20"]
[Round "?"]
[White "Schidzick, Juergen"]
[Black "Harf, Heinz"]
[Result "0-1"]
[WhiteElo "1586"]
[BlackElo "1982"]
[PlyCount "50"]
[EventDate "2014.01.31"]
[EventType "tourn (corr)"]
[EventRounds "6"]
[EventCountry "GER"]
[SourceTitle "Corr 2015"]
[Source "ChessBase"]
[SourceDate "2015.07.17"]
[SourceVersion "1"]
[SourceVersionDate "2015.07.17"]
[SourceQuality "1"]

1. d4 Nf6 2. g4 Nxg4 3. e4 d5 4. f3 Nf6 5. Nc3 Nc6 6. e5 Nh5 7. Bg5 h6 8. Be3 Bf5 9. Bb5 e6 10. Nge2 a6 11. Bd3 Qh4+ 12. Bf2 Qh3 13. Bxf5 Qxf5 14. Qd2 Qxf3 15. Rf1 Be7 16. Be3 Bh4+ 17. Bf2 Bg5 18. Qd1 Qh3 19. Ng3 Nf4 20. Qf3 Ng2+ 21. Kd1 0-0 22. Rg1 Nh4 23. Qe2 f6 24. Be3 Bxe3 25. Qxe3 fxe5 0-1